|
|
|
|
| LEADER |
00976cam a2200289 7i4500 |
| 001 |
0000035304 |
| 005 |
20181003090000.0 |
| 007 |
##ta |
| 008 |
181003t20032003su e 001 0 eng d |
| 020 |
# |
# |
|a 9789960850382
|
| 040 |
# |
# |
|a MATR
|
| 090 |
0 |
0 |
|a B 297.211
|b ALA
|
| 100 |
1 |
# |
|a l-Ashqar, Umar Sulaiman
|e author
|
| 245 |
1 |
0 |
|a BELIEF IN ALLAH :
|b In the Light of the Qur'an and Sunnah
|c 'Umar S. al-Ashqar ; translated by Nasiruddin al-Khattab.
|
| 250 |
0 |
0 |
|a English Edition 2 (2003).
|
| 264 |
# |
4 |
|a ♭2003.
|
| 264 |
# |
1 |
|a Riyadh:
|b INTERNATIONAL ISLAMIC PUBLISHING HOUSE,
|c 2003.
|
| 300 |
# |
# |
|a 479 pages;
|c 23 cm.
|
| 336 |
# |
# |
|a text
|2 rdacontent
|
| 337 |
# |
# |
|a unmediated
|2 rdamedia
|
| 338 |
# |
# |
|a volume
|2 rdacarrier
|
| 490 |
1 |
# |
|a ISLAMIC CREED SERIES;
|v VOL. 1
|
| 504 |
# |
# |
|a Includes bibliographical references and index
|
| 650 |
# |
0 |
|a God (Islam)
|
| 650 |
# |
0 |
|a Faith (Islam)
|
| 700 |
1 |
# |
|a al-Khattab, Nasiruddin
|
| 999 |
|
|
|a 0000040192
|b Book
|c Book
|e Business Information Centre
|